000 01360cam a22003015a 4500
001 L158452
002 20125
008 090617s2015 xxk f 000 0 eng d
020 _a9781783210978
035 _a(Sirsi) u158452
041 0 _aeng
050 0 4 _a333.3307 $2 18
100 1 _aHirst, Christina
245 0 0 _aAPC supervisors' and counsellors' guide 2015
_h[electronic resources]
260 _aLondon
_bRICS
_c2015
300 _ax, 59p.
350 _a40.00
505 2 _aIntroduction to the APC -- Getting the right candidates -- In detail, supervisor and counsellor duties -- Documentation for the APC -- The competancies -- Referred candidates and appeals -- Help and advice from RICS
520 _aHelps those working with APC candidates to monitor the candidate's progress and to understand their own responsibilities. Updated to reflect recent changes to the system, the book includes real-life case studies and includes timelines, checklists, model forms, and guidance on meeting the assessment requirements.
520 _aSupersedes the third edition (ISBN 9781842194911).
521 _aIntroductory
590 _aKA
650 2 4 _aAPC
_96216
651 4 _aUnited Kingdom
_y
690 _aAPC
_96216
856 4 0 _uhttps://www.isurv.com/site/scripts/documents.aspx?categoryID=377
_zAccess this e-book from www.isurv.com
942 _n0
999 _c115316
_d115316